000 00323pab a2200133 454500
008 180718b1989 xxu||||| |||| 00| 0 eng d
245 _aSpecial issue on Scheduled Castes in India
260 _c1989
300 _a3-94
362 _aSept.
650 _aScheduled Castes - India
773 _aSocial Change
909 _a18646
999 _c18646
_d18646